000 00814nam a2200301 a 4500
003 AR-BaBNM
005 20251128203912.0
008 082120s2002 ||||||||||||||000 | spa||
040 _cAR-BaBNM
100 1 _aRobertson, D.H.
245 0 0 _aDinero
260 _aMéxico, D.F.
_bFondo de Cultura Económica
_c1945
300 _a204 p.
_btablas
490 0 _aObras de economía
500 _aApéndices p. 195-200
650 4 _aHISTORIA ECONOMICA
650 4 _aHISTORIA FINANCIERA
650 4 _aDEUDA PUBLICA
650 4 _aINSTITUCIONES FINANCIERAS
650 4 _aDINERO
650 4 _aSISTEMAS MONETARIOS
650 4 _aAHORRO
700 1 _aOcádiz, Julio
_etraductor
700 1 _aRivera, José Antonio
_etraductor
800 1 _aCosío Villegas, Daniel
_edirector
942 _cBK
998 _cmariana
999 _c5406
_d5406